Sanat - "Äidin sydän" - Statistics

Yleistilastot
  • Tätä visaa on pelattu 13 kertaa
  • Keskiarvotulos 39 / 86
Vastaustilastot
Vastaus % Oikein
äidin
100%
äidin
100%
äidin
100%
on
100%
on
100%
On
100%
on
100%
paikka
100%
paikka
100%
sydän
100%
sydän
100%
Maan
88%
mi
88%
niin
88%
päällä
88%
se
88%
ja
75%
ja
75%
ja
75%
ja
75%
ja
75%
kätkee
75%
lämpöinen
75%
verraton
75%
hellä
63%
sen
63%
tuntee
63%
Vain
63%
hellään
50%
helmaan
50%
kalleimman
50%
lemmen
50%
missä
50%
onnen
50%
pään
50%
painaa
50%
riemuitsee
50%
riemustas
50%
sun
50%
tarjoo
50%
tunnet
50%
turvaisan
50%
voit
50%
armas
38%
ei
38%
itket
38%
koskaan
38%
lientymään
38%
lohdun
38%
murheen
38%
pyhä
38%
rakastaa
38%
38%
saa
38%
sydäntä
38%
yksin
38%
yksin
38%
kaunis
25%
Kun
25%
kun
25%
kun
25%
minkä
25%
sua
25%
tuskias
25%
vei
25%
aika
13%
huoltas
13%
kaipion
13%
kauan
13%
korvas
13%
muun
13%
ihmismielet
0%
jäät
0%
kaikuu
0%
kiitos
0%
mennyt
0%
moititaan
0%
moni
0%
näin
0%
Pois
0%
poljetaan
0%
tunsit
0%
unholaan
0%
vaihtelee
0%
vaikenee
0%
yöhön
0%
Ehtoja vastaavia visoja ei löytynyt
Tulosjakauma
Jokaisen tuloksen saaneiden osuus
Persentiili vastausten määrän mukaan
Tuloshistoriasi
Et ole pelannut tätä visaa